000 00466nam a22001817a 4500
003 MPLRDC
005 20220104174009.0
008 210129b ||||| |||| 00| 0 eng d
020 _a978-0-7535-3966-8
082 _a785.28 BUS-5
100 _aGEORGE W. BUSH
245 _aDECISION POINTS
_c
250 _a1ST ED.
260 _aU.S.A.
_bCROWN PUBLISHERS
_c2010
300 _b497
650 _aBIOGRAPHIES OF AMERICAN--GEORGE W. BUSH
942 _cBK
_o785.28 BUS-5
999 _c59663
_d59653